| 000 | 01311nam a2200325 a 4500 | ||
|---|---|---|---|
| 001 | BRCA_3140 | ||
| 005 | 20190320204130.0 | ||
| 008 | 050209s1866----fr-a---###---#000-0dfre-u | ||
| 041 | _afre | ||
| 044 | _afr | ||
| 084 |
_a444 _b.J68 1866 |
||
| 100 | 1 |
_aCervantes Saavedra, Miguel de _d1547-1616 _9213 |
|
| 245 | 1 | 0 |
_aL´Ingénieux Chevalier Don Quichotte de la Manche _cpar Michel Cervantes. |
| 260 |
_aParís _bFurne Jouvet _c1866 |
||
| 300 |
_axvi, 623 p. _bil. _c30 cm. |
||
| 500 | _aContenido : Primera parte. Retrato de Cervantes. Vida de Cervantes. Prólogo del autor. Notas. Texto. Segunda parte. Prólogo del autor. Texto | ||
| 500 | _aEdición : Traduite nouvelle par Ch. Furne. Illustrée de 160 dessins par Yon et Perrichon | ||
| 500 | _aEjemplar por completo al LO-443 Lúdovik Osterc | ||
| 500 | _aEstado físico : El papel esta maltratado | ||
| 500 | _aQM359 | ||
| 546 | _aTexto en : francés | ||
| 650 | 1 | 4 |
_aNovela española _yÉpoca clásica, 1500-1700 _9215 |
| 650 | 1 | 4 |
_aLiteratura española _yÉpoca clásica, 1500-1700 _9216 |
| 650 | 1 | 4 |
_aNovela española _ySiglo XVII _9217 |
| 650 | 1 | 4 |
_aDon Quijote (Personaje ficticio) _eNovela _9218 |
| 700 | 1 |
_aFourne, Ortaire _eTraductor _98502 |
|
| 740 | 0 | _aEl Ingenioso Hidalgo Don Quijote de la Mancha | |
| 902 | _aQFM | ||
| 942 |
_2lcc _cB |
||
| 999 |
_c2876 _d2876 |
||